Bandwagon Quiz - Chicago Cubs - Statistics

General Stats
  • This quiz has been taken 157 times
  • The average score is 13 of 20
Answer Stats
Hint Answer % Correct
After a win, the Cubs fly a flag with what letter on it? W
100%
What ballpark do the Cubs play in? Wrigley Field
99%
How many World Series titles do the Cubs have? 3
98%
The above ballpark is famous for having what on its outfield walls? Ivy
91%
What manager won the World Series with the Cubs in 2016? Joe Maddon
80%
What Cub won Rookie of the Year in 2015 and MVP the next year? Kris Bryant
80%
What is the name of the legendary Cubs win song? Go Cubs Go
76%
Who leads the Cubs in all-time home runs? Sammy Sosa
75%
The above drought was called the "Curse" of what animal? Billy Goat
71%
Who was the World Series MVP for the Cubs in 2016? Ben Zobrist
64%
What is the name of the Cubs' Triple-A affiliate? Iowa Cubs
63%
The Cubs did what in 2016 for the first time in 108 years? Win the World Series
63%
What is the name of the Cubs' mascot? Clark
62%
The Cubs have a tradition of doing what to a home run ball hit by the opposing team? Throwing it Back
61%
What 1993 movie is about a 12-year-old who becomes a pitcher for the Cubs? Rookie of the Year
60%
Who is the Cubs' current manager? Craig Counsell
59%
What Cubs fan stole a ball away from a Cubs outfielder during the 2003 NLCS, prompting backlash? Steve Bartman
57%
Who is the Cubs' all-time strikeouts leader? Fergie Jenkins
45%
What do the Cubs call the group of rowdy fans that sit in the bleacher seats? Bleacher Bums
35%
Jerry Pritikin is a Cubs fan known as what for sitting in the bleachers and trying to convert opposing fans? Bleacher Preacher
7%
No matching quizzes found
Score Distribution
Percent of People with Each Score
Percentile by Number Answered
Your Score History
You have not taken this quiz